| 000 | 00628nam a2200241 a 4500 | ||
|---|---|---|---|
| 001 | nice12345678 | ||
| 003 | IN_TiNIC | ||
| 005 | 20260116014919.0 | ||
| 008 | 050524s1996 lona grp 000 0 eng | ||
| 020 |
_a0096179 _c95 |
||
| 082 | 0 | 0 |
_a658.45 _bFER |
| 100 | _aFerguson, Jan | ||
| 245 |
_aPerfect Assertiveness _b All You Need to Get It Right First Time |
||
| 260 |
_aLondon _bVintage _c1996 |
||
| 300 | _a117p | ||
| 500 | _aincludes index and biblioraphy | ||
| 505 | 2 | _aNotes, Index | |
| 650 | _aCommunication in Management | ||
| 700 | 1 | _aFerguson, Jan | |
| 902 | _bSRS | ||
| 942 | _cBK | ||
| 999 |
_c17519 _d17519 |
||